| 000 | 00806nam a2200217Ii 4500 | ||
|---|---|---|---|
| 003 | JO-AjNU | ||
| 008 | 230605s9999||||xx |||||||||||||| ||und|| | ||
| 017 | _a2009/4/1365 | ||
| 040 |
_aJO-AjNU _bara _erda _cJO-AjNU |
||
| 041 | _aara | ||
| 050 | 1 | 4 | _aBP80.A754.M84.2008 |
| 100 | 3 |
_aالعتوم،أحمد/تحرير , _eauthor _924739 |
|
| 245 | 0 | 0 | _aمحمد أركون مفكراً :أعمال المؤتمر الفلسفي الرابع الذي نظمته الجمعية الفلسفية الأردنية |
| 250 | _aط1 | ||
| 264 | 3 | 1 | _aعمان:دار يافا العلمية للنشر والتوزيع ، 2008 |
| 300 | _a255ص | ||
| 336 |
_atext _btxt _2rdacontent |
||
| 337 |
_aunmediated _bn _2rdamedia |
||
| 338 |
_avolume _bnc _2rdacarrier |
||
| 650 | 4 |
_aفلسفة-محمد اركون _924740 |
|
| 999 |
_aA9159 _c12727 _d12727 |
||